| 000 | 02213nam a2200409 c 4500 | ||
|---|---|---|---|
| 003 | BLK | ||
| 005 | 20240620093302.0 | ||
| 008 | 180413b bul|||||r ||||||| ||bul|| | ||
| 010 | _aKNG00027433000 | ||
| 020 |
_a954-18-0153-6 _bиздат.: Булвест 2000 |
||
| 040 | _aBLK | ||
| 041 |
_aBUL _cBUL |
||
| 080 |
_aБългарски език в основното училище. Методика на обучението _b373.3.016:811.163.2 _x(079)(075.2) _z373.3.016:811.163.2(079)(075.2) |
||
| 100 | 1 |
_aДимчев, Кирил Василев _eпърви автор _9365413 |
|
| 700 | 1 |
_aМатеева, Андриана Данаилова _9364574 |
|
| 700 |
_aПетров, Ангел Маринов _9364191 |
||
| 700 | 1 |
_aАнгелова, Татяна Гаврилова _9364575 |
|
| 700 | 1 |
_aРадкова, Антония Димитрова _d1964 - _gруска и английска филология _9114217 |
|
| 139 |
_aТестове по български език _bТ 53 |
||
| 245 | 1 | 0 |
_aТестове по български език _bЗа завършено осн. образование V-VІІІ кл. _cКирил Василев Димчев; Андриана Данаилова Матеева; Ангел Маринов Петров; Татяна Гаврилова Ангелова; Антония Димитрова Радкова. |
| 250 | _a3. прераб. и доп. изд. | ||
| 257 | _aBGR | ||
| 260 |
_аСофия _bБулвест 2000 _c1999 _fПловдив : Полиграфия ЕАД |
||
| 300 |
_a192 с. _c21 см |
||
| 380 | _a3 | ||
| 500 | _aДруги авт. : А. Матеева, А. Петров, Т. Ангелова, А. Радкова. - 1. изд. 1994 на изд. Хр. Ботев. - Офс. изд. - 500 тир. | ||
| 650 | 4 |
_aБългарски език - тестове - учебни помагала _9244102 |
|
| 653 | _aтестове | ||
| 653 | _aбългарски език | ||
| 653 | _aV кл. - VІІІ кл. | ||
| 852 | _aЦб 200360 | ||
| 856 | 4 |
_qpdf _u |
|
| 856 | 4 |
_qpdf _u |
|
| 942 |
_cKNG _n0 |
||
| 944 |
_aCR _c15.01.2003 _k30560 _lГеновева Генчева |
||
| 944 |
_aED _c04.11.2008 _k |
||
| 999 |
_c24905 _d24905 |
||